| 000 | 012860000a22002050004500 | ||
|---|---|---|---|
| 041 | 0 | _aSPA | |
| 082 | 0 | 4 | _aG 150.1952 W865i |
| 100 | 1 | _aWolman, Benjamin B. | |
| 245 | 1 | 0 | _aIntroducción al conocimiento de Freud / Benjamin B. Wolman ; Félix Blanco, Traductor |
| 260 | _aMéxico D.F., México : Era | ||
| 300 | _a229 Pag. | ||
| 500 | _aTítulo original : The unconscious mind | ||
| 505 | 0 | 0 | _ala teoría del psicoanálisis -- los sueños y el inconsciente -- amor y sexo -- el instinto de muerte y destrucción -- el ello, caldera en ebullición -- el yo, aparato de control -- súper -yo y conciencia culpable -- complejo de Edipo y desarrollo de la personalidad -- consideraciones teóricas -- la humanidad en el sofá -- siguiendo los pasos de Freud -- la práctica del psicoanálisis -- el cerebro que hizo volver hacia atrás el reloj -- la técnica primitiva -- interpretación y visión -- transferencia. la neurosis terapéutica -- la resistencia lucha contra la cura -- penetración y base final -- variaciones y modificaciones -- la formación del psicoanalista |
| 650 | 1 | 4 | _aFREUD, SIGMUND, 1856-1939 \ PSICOANALISIS |
| 001 | 1073 | ||
| 942 | _cBK | ||
| 999 |
_c32426 _d32426 |
||
| 336 |
_atexto _btxt _2rdacontent |
||
| 337 |
_2rdamedia _asin mediación _bn |
||
| 338 |
_2rdacarrier _avolumen _bnc |
||